000
00332cam a2200145ua 4500
041
_a
mal
_h
082
_a
894.812308
_b
URO/MI
100
_a
Uroob, .
245
_a
Mindapennu /
_c
Uroob.
_h
Textual Documents
260
_a
Calicut :
_b
P.K Brothers ,
_c
1957.
300
_a
146 ; .
504
_a
942
_c
BK
999
_c
1058
_d
1058